Guess That Conan Gray song!!! Vol 3 - Statistics

General Stats
  • This quiz has been taken 32 times
  • The average score is 158 of 240
Answer Stats
LYRICS % Correct
I
100%
you,
100%
the
92%
me
88%
we
88%
Your
88%
He
84%
he
84%
thе
84%
in
80%
love,
80%
My
80%
so
80%
be
76%
no
76%
to
76%
We're
76%
don't
72%
that
72%
up
68%
(up),
68%
We'rе
68%
you're
68%
Dance
64%
for
64%
left
64%
mine
64%
mine,
64%
mine)
64%
now,
64%
cry
60%
(Cry,
60%
cry)
60%
dancers
60%
dancers,
60%
Get
60%
(get)
60%
know
60%
La
60%
la
60%
la,
60%
lonely
60%
time
60%
way
60%
with
60%
baby
56%
Join
56%
night
56%
oh
56%
(oh)
56%
other
56%
alone
52%
alright
52%
answer,
52%
both
52%
broke
52%
busy
52%
dies
52%
eyes
52%
Forget
52%
guy
52%
guys,
52%
hide
52%
hope
52%
kissin'
52%
lover
52%
lover's
52%
need
52%
our
52%
stop!
52%
There's
52%
tonight
52%
Tonight,
52%
(tonight,
52%
tonight,
52%
waste
52%
we'll
52%
back
48%
(back)
48%
perfect
48%
tears
48%
Wait,
48%
(hey)
36%
No matching quizzes found
Score Distribution
Percent of People with Each Score
Percentile by Number Answered
Your Score History
You have not taken this quiz